00954 2200301 4500035002000000001002100020005001700041006001900058007000300077008004100080856005900121020002300180040002000203082002300223084002100246090002400267100002700291245006900318250001200387260004100399300005000440504003200490521005300522650002200575850001300597999002100610999002100631 a0010-0122001178INLIS00000000073322720190321084633.0aa g 000 | ta180625s2015 yoia g 000 | ind  y http://opac.perpusnas.go.id/DetailOpac.aspx?id=999616 a 978-602-98042-8-7 a JKPNPNA b ind0 2 [23]a 610.730 1  a 610.730 1 ABD p a CB-D.11 2014-113700 a Abdul Ghofar d 1974-10a Pedoman lengkap keterampilan perawatan klinik / c Abdul Ghofar a Cet. 23 a Yogyakarta : b Mitra Buku, c 2015 a xi, 291 hlm. : b illus., gambar ; c 19 cm. a Bibliografi : hlm. 289-290 a Untuk dosen & siswa/ mahasiswa ilmu keperawatan 4a Ilmu keperawatan a JKPNPNA a 11370/DM/D/2014 a 11370/DM/D/2014